000 00615nam a2200253Ia 4500
003 OSt
005 20221007105014.0
006 a|||||r|||| 00| 0
007 ta
008 221006b |||||||| |||| 00| 0 eng d
024 _a17,347
037 _cTextual
040 _aLCO
_cLCO
_beng
041 _2eng
_aeng
082 _aZ2,4, M0
100 _aShukla M.N
_9681822
245 0 _aLaw of Torts
250 _a9th
260 _aAllahabad
_bCentral Law Agency India
_c1980
300 _a280
650 _aTORTS
_9690967
942 _hZ2,4, M0
_cTEXL
999 _c1186910
_d1186910